बाधाओं के बावजूद नई औरत / (Record no. 118775)
[ view plain ]
| 000 -LEADER | |
|---|---|
| fixed length control field | 01090nam a22002537a 4500 |
| 005 - DATE AND TIME OF LATEST TRANSACTION | |
| control field | 20170124103120.0 |
| 010 ## - LIBRARY OF CONGRESS CONTROL NUMBER | |
| LC control number | B-050304 |
| 020 ## - INTERNATIONAL STANDARD BOOK NUMBER | |
| Terms of availability | 150.00 |
| International Standard Book Number | 8187110511 |
| 035 ## - SYSTEM CONTROL NUMBER | |
| System control number | B-050304 |
| 037 ## - SOURCE OF ACQUISITION | |
| Source of stock number/acquisition | Cen Lib/Ret |
| 040 ## - CATALOGING SOURCE | |
| Original cataloging agency | DPL |
| Language of cataloging | HN |
| 082 ## - DEWEY DECIMAL CLASSIFICATION NUMBER | |
| Classification number | 305.4 |
| Item number | महाज |
| 100 ## - MAIN ENTRY--PERSONAL NAME | |
| Personal name | महाजन, उषा |
| 9 (RLIN) | 81857 |
| 245 ## - TITLE STATEMENT | |
| Title | बाधाओं के बावजूद नई औरत / |
| Statement of responsibility, etc | उषा महाजन |
| 246 ## - VARYING FORM OF TITLE | |
| Title proper/short title | Badhayon ke bavajood anyi aurat / |
| Remainder of title | by Usha Mahajan |
| 260 ## - PUBLICATION, DISTRIBUTION, ETC. (IMPRINT) | |
| Place of publication, distribution, etc | दिल्ली |
| Name of publisher, distributor, etc | मेधा बुक्स |
| Date of publication, distribution, etc | 2001 |
| 270 ## - ADDRESS | |
| City | दिल्ली |
| Address | एक्स-11, नवीन शाहदरा |
| Postal code | 110032 |
| 300 ## - PHYSICAL DESCRIPTION | |
| Extent | 156पृ. |
| Dimensions | 20सेमी(सजिल्द ) |
| 650 ## - SUBJECT ADDED ENTRY--TOPICAL TERM | |
| Topical term or geographic name as entry element | महिला - भारत - सामाजिक स्थिति। |
| General subdivision | |
| Geographic subdivision | |
| 9 (RLIN) | 81858 |
| 650 ## - SUBJECT ADDED ENTRY--TOPICAL TERM | |
| Topical term or geographic name as entry element | महिला - सामाजिक स्थिति। |
| 9 (RLIN) | 1009 |
| 650 ## - SUBJECT ADDED ENTRY--TOPICAL TERM | |
| Topical term or geographic name as entry element | Women -- India -- Social conditions. |
| 9 (RLIN) | 6885 |
| 650 ## - SUBJECT ADDED ENTRY--TOPICAL TERM | |
| Topical term or geographic name as entry element | Women -- Social conditions. |
| 9 (RLIN) | 8449 |
| 942 ## - ADDED ENTRY ELEMENTS (KOHA) | |
| Source of classification or shelving scheme | Dewey Decimal Classification |
| Koha item type | Hindi Books |
| Classification part | 305.4 |
| Call number suffix | महाज |
| Withdrawn status | Lost status | Damaged status | Not for loan | Home library | Current library | Date acquired | Source of acquisition | Cost, normal purchase price | Total Checkouts | Full call number | Barcode | Date last seen | Copy number | Cost, replacement price | Price effective from | Koha item type | Source of classification or shelving scheme | Collection code | Date checked out |
|---|---|---|---|---|---|---|---|---|---|---|---|---|---|---|---|---|---|---|---|
| Central Library | Central Library | 14/09/2015 | Cen Lib/Ref | 150.00 | 305.4 महाज | B-050304 | 14/09/2015 | 1 | 150.00 | 14/09/2015 | Hindi Books | ||||||||
| Yojana Vihar | Yojana Vihar | 19/10/2019 | BPPD/PUB | 150.00 | 1 | 305.4 महाज | B-50314 | 25/01/2021 | 150.00 | 19/10/2019 | Hindi Books | Dewey Decimal Classification | Non-fiction | 25/01/2021 |
